Rural Sociology / (Record no. 49907)

MARC details
000 -LEADER
fixed length control field 00501nam a22001937a 4500
003 - CONTROL NUMBER IDENTIFIER
control field OSt
008 - FIXED-LENGTH DATA ELEMENTS--GENERAL INFORMATION
fixed length control field 260129b |||||||| |||| 00| 0 eng d
020 ## - INTERNATIONAL STANDARD BOOK NUMBER
International Standard Book Number 9788170335221
082 ## - DEWEY DECIMAL CLASSIFICATION NUMBER
Classification number 307.72
Item number D72R
100 ## - MAIN ENTRY--PERSONAL NAME
Personal name Doshi, S. L.
245 ## - TITLE STATEMENT
Title Rural Sociology /
Statement of responsibility, etc. by S. L. Doshi and P. C. Jain
260 ## - PUBLICATION, DISTRIBUTION, ETC. (IMPRINT)
Place of publication, distribution, etc .- Jaipur
Name of publisher, distributor, etc : Rawat Publications
Date of publication, distribution, etc , 2015
300 ## - PHYSICAL DESCRIPTION
Extent 365p.
650 ## - SUBJECT ADDED ENTRY--TOPICAL TERM
Topical term or geographic name as entry element Social Sciences
650 ## - SUBJECT ADDED ENTRY--TOPICAL TERM
Topical term or geographic name as entry element Sociology
650 ## - SUBJECT ADDED ENTRY--TOPICAL TERM
Topical term or geographic name as entry element Rural Sociology
700 ## - ADDED ENTRY--PERSONAL NAME
Personal name Jain, P. C.
942 ## - ADDED ENTRY ELEMENTS (KOHA)
Source of classification or shelving scheme
Koha item type Books
942 ## - ADDED ENTRY ELEMENTS (KOHA)
-- 1
Holdings
Withdrawn status Lost status Source of classification or shelving scheme Damaged status Not for loan Home library Current library Date acquired Source of acquisition Cost, normal purchase price Total Checkouts Full call number Barcode Date last seen Date last borrowed Bill Date Koha item type Bill Number
          Dr. Rajendra Prasad Central Agricultural University Pusa, Dr. Rajendra Prasad Central Agricultural University Pusa, 29/01/2026 Faith, New Delhi 1095.00 1 307.72 D72R 86848 17/02/2026 17/02/2026 06/01/2026 Books FE/08/2025-26
Hosted, Implemented, Customized & Maintained by: BestBookBuddies

Powered by Koha